UBT Library

Connecting mathematical ideas : (Record no. 44072)

000 -LEADER
fixed length control field 00791cam a22002294a 4500
001 - CONTROL NUMBER
control field 13802191
005 - DATE AND TIME OF LATEST TRANSACTION
control field 20180302082058.0
008 - FIXED-LENGTH DATA ELEMENTS--GENERAL INFORMATION
fixed length control field 041130s2005 nhua b 000 0 eng
010 ## - LIBRARY OF CONGRESS CONTROL NUMBER
LC control number 2004027856
020 ## - INTERNATIONAL STANDARD BOOK NUMBER
International Standard Book Number 0325006709
040 ## - CATALOGING SOURCE
Original cataloging agency DLC
Transcribing agency DLC
Modifying agency DLC
041 ## - LANGUAGE CODE
Language code of text/sound track or separate title eng
042 ## - AUTHENTICATION CODE
Authentication code pcc
080 ## - UNIVERSAL DECIMAL CLASSIFICATION NUMBER
Universal Decimal Classification number 510.712 BOA
082 00 - DEWEY DECIMAL CLASSIFICATION NUMBER
Classification number 510.712 BOA
Edition number 22
100 1# - Rafti
Rafti 36
101 ## - Shkurtesa
Shkurtesa MAT
245 10 - TITLE STATEMENT
Title Connecting mathematical ideas :
Statement of responsibility, etc Jo Boaler, Cathy Humphreys ; foreword by Deborah Loewenberg Ball.
906 ## - LOCAL DATA ELEMENT F, LDF (RLIN)
a 7
b cbc
c orignew
d 1
e ecip
f 20
g y-gencatlg
942 ## - ADDED ENTRY ELEMENTS (KOHA)
Source of classification or shelving scheme
Item type Books
Holdings
Withdrawn status Lost status Source of classification or shelving scheme Damaged status Not for loan Collection code Permanent location Current location Shelving location Date acquired Total Checkouts Full call number Barcode Date last seen Price effective from Koha item type
          Koleksioni i përgjithshem UBT - Lipjan UBT - Lipjan Koleksioni i përgjithshem 03/02/2018   510.712 BOA 002-3000733 03/02/2018 03/02/2018 Books
UBT Library © 2015-2024. All rights reserved University Education for Business and Technology